| 000 | 00434 a2200169 4500 | ||
|---|---|---|---|
| 005 | 20240304160414.0 | ||
| 008 | 240301b |||||||| |||| 00| 0 eng d | ||
| 020 |
_a9789356092310 _cRs. 695.00 |
||
| 040 | _aMAIN | ||
| 082 |
_a006.31 _bV197R |
||
| 100 | _aVaishya, Harimohan | ||
| 245 | _aReal-world machine learning | ||
| 260 |
_bArihant Books _c2023 _aNew Delhi |
||
| 300 | _avi, 248 | ||
| 650 | _aMachine Learning | ||
| 942 | _cBK | ||
| 999 |
_c310563 _d310563 |
||